[Event "FIDE Zonal 2.5 Open 2019"]
[Site "Montevideo"]
[Date "2019.04.19"]
[Round "9.18"]
[White "Manteiga, Franco"]
[Black "Rodriguez Farias, Eduardo"]
[Result "1-0"]
[WhiteElo "1684"]
[BlackElo "1898"]
[Annotator "NA"]
[PlyCount "155"]
[EventDate "2019.04.13"]
[EventType "swiss"]
[EventCountry "URU"]
[SourceTitle "playchess.com"]
[Source "ChessBase"]
[SourceQuality "1"]
[TimeControl "40/5400+30:1800+30"]

1. d4 {[%emt 0:00:00]} Nf6 {[%emt 0:00:00]} 2. Nf3 {[%emt 0:00:01]} g6 {[%emt 0:00:30]} 3. c4 {[%emt 0:00:09]} Bg7 {[%emt 0:00:17]} 4. Nc3 {[%emt 0:00:12]} O-O {[%emt 0:00:59]} 5. e4 {[%emt 0:00:11]} d6 {[%emt 0:00:13]} 6. Be2 {[%emt 0:00:06]} Qe8 {[%emt 0:00:55]} 7. O-O {[%emt 0:06:30]} e5 {[%emt 0:00:12]} 8. d5 {[%emt 0:05:47]} a5 {[%emt 0:00:26]} 9. b3 {[%emt 0:17:06]} Na6 {[%emt 0:02:23]} 10. a3 {[%emt 0:03:01]} Nc5 {[%emt 0:04:18]} 11. Nd2 {[%emt 0:16:53]} Bh6 {[%emt 0:02:56]} 12. Qc2 {[%emt 0:10:42]} Qe7 {[%emt 0:04:12]} 13. Rb1 {[%emt 0:03:18]} Ne8 {[%emt 0:17:45]} 14. b4 {[%emt 0:03:13]} axb4 {[%emt 0:00:45]} 15. axb4 {[%emt 0:00:22]} Na6 {[%emt 0:00:09]} 16. Qa2 {[%emt 0:04:32]} c6 {[%emt 0:09:04]} 17. Qb3 {[%emt 0:03:42]} c5 {[%emt 0:18:07]} 18. bxc5 {[%emt 0:03:36]} Nxc5 {[%emt 0:00:27]} 19. Qb4 {[%emt 0:02:36]} f5 {[%emt 0:01:09]} 20. f3 {[%emt 0:02:05]} Be3+ {[%emt 0:00:23]} 21. Kh1 {[%emt 0:01:00]} f4 {[%emt 0:00:44]} 22. Nb3 {[%emt 0:01:39]} Na6 {[%emt 0:05:02]} 23. Qa3 {[%emt 0:02:39]} Nac7 {[%emt 0:03:15]} 24. Qb4 {[%emt 0:00:22]} Na6 {[%emt 0:00:24]} 25. Qa3 {[%emt 0:03:00]} Ba7 {[%emt 0:03:58]} 26. Nb5 {[%emt 0:01:48]} Bb8 {[%emt 0:00:24]} 27. Bd2 {[%emt 0:01:19]} Nac7 {[%emt 0:00:18]} 28. Qb4 {[%emt 0:00:54]} Nxb5 {[%emt 0:00:53]} 29. cxb5 {[%emt 0:01:25]} Qh4 {[%emt 0:00:31]} 30. Rbc1 {[%emt 0:02:28]} Bd7 {[%emt 0:04:44]} 31. Na5 {[%emt 0:00:32]} g5 {[%emt 0:01:06]} 32. Be1 {[%emt 0:01:18]} Qh5 {[%emt 0:00:11]} 33. Nxb7 {[%emt 0:01:26]} Rf6 {[%emt 0:00:27]} 34. Bf2 {[%emt 0:01:00]} Rh6 {[%emt 0:05:16]} 35. Bg1 {[%emt 0:00:06]} Ra2 {[%emt 0:02:15]} 36. Bd1 {[%emt 0:01:59]} Bh3 {[%emt 0:05:00]} 37. Rc2 {[%emt 0:00:35]} Rxc2 {[%emt 0:03:42]} 38. Bxc2 {[%emt 0:00:03]} Bc8 {[%emt 0:00:14]} 39. Nd8 {[%emt 0:00:54]} Bc7 {[%emt 0:01:23]} 40. b6 {[%emt 0:00:37]} Bxd8 {[%emt 0:00:50]} 41. b7 {[%emt 0:30:04]} Bxb7 {[%emt 0:33:52]} 42. Qxb7 {[%emt 0:00:05]} Qf7 {[%emt 0:00:00]} 43. Qxf7+ {[%emt 0:00:00]} Kxf7 {[%emt 0:00:00]} 44. Rb1 {[%emt 0:00:00]} Rg6 {[%emt 0:00:00]} 45. Rb7+ {[%emt 0:00:00]} Be7 {[%emt 0:00:00]} 46. Bb6 {[%emt 0:00:00]} Kf8 {[%emt 0:00:00]} 47. Ba4 {[%emt 0:00:00]} Nf6 {[%emt 0:00:00]} 48. Rb8+ {[%emt 0:00:00]} Kf7 {[%emt 0:00:00]} 49. Rb7 {[%emt 0:00:00]} Kf8 {[%emt 0:00:00]} 50. Bc6 {[%emt 0:00:00]} g4 {[%emt 0:00:00]} 51. Rb8+ {[%emt 0:00:00]} Kf7 {[%emt 0:00:00]} 52. Bd8 {[%emt 0:00:00]} Rg8 {[%emt 0:00:00]} 53. Bc7 {[%emt 0:00:00]} Rg6 {[%emt 0:00:00]} 54. Rb7 {[%emt 0:00:00]} Kf8 {[%emt 0:00:00]} 55. Rb2 {[%emt 0:01:26]} Kf7 {[%emt 0:00:00]} 56. Ba5 {[%emt 0:01:25]} Rg8 {[%emt 0:00:00]} 57. Rb7 {[%emt 0:01:26]} h6 {[%emt 0:00:00]} 58. Rc7 {[%emt 0:01:06]} h5 {[%emt 0:00:00]} 59. Rb7 {[%emt 0:01:40]} Rc8 {[%emt 0:00:59]} 60. Bb6 {[%emt 0:00:59]} Kf8 {[%emt 0:00:53]} 61. Ba7 {[%emt 0:01:26]} Kf7 {[%emt 0:01:44]} 62. Kg1 {[%emt 0:01:21]} g3 {[%emt 0:02:00]} 63. h3 {[%emt 0:00:37]} Ne8 {[%emt 0:04:25]} 64. Bb8 {[%emt 0:00:28]} Kf8 {[%emt 0:00:20]} 65. Kf1 {[%emt 0:00:19]} Nf6 {[%emt 0:00:32]} 66. Ba7 {[%emt 0:00:19]} Kf7 {[%emt 0:00:52]} 67. Ke2 {[%emt 0:00:14]} Kf8 {[%emt 0:00:22]} 68. Rb8 {[%emt 0:00:35]} Rxb8 {[%emt 0:00:08]} 69. Bxb8 {[%emt 0:00:04]} Kf7 {[%emt 0:00:20]} 70. Kd3 {[%emt 0:00:19]} Kf8 {[%emt 0:00:34]} 71. Kc4 {[%emt 0:00:17]} Kf7 {[%emt 0:00:21]} 72. Kb5 {[%emt 0:00:15]} Kf8 {[%emt 0:00:53]} 73. Bc7 {[%emt 0:00:17]} Kf7 {[%emt 0:00:21]} 74. Ka6 {[%emt 0:00:36]} Ne8 {[%emt 0:01:12]} 75. Bb6 {[%emt 0:01:45]} Kf8 {[%emt 0:00:22]} 76. Kb7 {[%emt 0:00:22]} Kf7 {[%emt 0:00:23]} 77. Bxe8+ {[%emt 0:00:39]} Kxe8 {[%emt 0:00:07]} 78. Kc6 {[%emt 0:00:11]} 1-0

[Event "FIDE Zonal 2.5 Open 2019"]
[Site "Montevideo"]
[Date "2019.04.19"]
[Round "9.19"]
[White "Jodorcovsky Werjivker, Paulo"]
[Black "El Ters, Antouan"]
[Result "1/2-1/2"]
[WhiteElo "2257"]
[BlackElo "2181"]
[Annotator "NA"]
[PlyCount "116"]
[EventDate "2019.04.13"]
[EventType "swiss"]
[EventCountry "URU"]
[SourceTitle "playchess.com"]
[Source "ChessBase"]
[SourceQuality "1"]
[TimeControl "40/5400+30:1800+30"]

1. d4 {[%emt 0:00:00]} Nf6 {[%emt 0:00:00]} 2. c4 {[%emt 0:00:30]} e6 {[%emt 0:00:30]} 3. Nc3 {[%emt 0:00:30]} d5 {[%emt 0:00:30]} 4. cxd5 {[%emt 0:00:30]} exd5 {[%emt 0:00:30]} 5. Bg5 {[%emt 0:00:30]} Be7 {[%emt 0:00:30]} 6. e3 {[%emt 0:00:30]} Nbd7 {[%emt 0:01:08]} 7. Bd3 {[%emt 0:00:54]} O-O {[%emt 0:01:17]} 8. Nge2 {[%emt 0:00:05]} Re8 {[%emt 0:04:50]} 9. O-O {[%emt 0:00:12]} Nf8 {[%emt 0:01:18]} 10. b4 {[%emt 0:06:20]} Ne6 {[%emt 0:06:47]} 11. Bxf6 {[%emt 0:02:08]} Bxf6 {[%emt 0:00:15]} 12. b5 {[%emt 0:00:11]} c6 {[%emt 0:14:48]} 13. bxc6 {[%emt 0:00:14]} bxc6 {[%emt 0:00:07]} 14. Rb1 {[%emt 0:03:48]} Qd6 {[%emt 0:02:55]} 15. Qc2 {[%emt 0:01:47]} g6 {[%emt 0:01:13]} 16. Na4 {[%emt 0:01:05]} Bd8 {[%emt 0:03:04]} 17. Rfc1 {[%emt 0:01:26]} Bc7 {[%emt 0:09:42]} 18. Ng3 {[%emt 0:03:06]} Bd7 {[%emt 0:05:07]} 19. Rb7 {[%emt 0:13:57]} f5 {[%emt 0:07:37]} 20. Nc5 {[%emt 0:04:17]} Bc8 {[%emt 0:05:24]} 21. Rb3 {[%emt 0:19:45]} f4 {[%emt 0:00:40]} 22. Nf1 {[%emt 0:01:10]} fxe3 {[%emt 0:03:23]} 23. fxe3 {[%emt 0:01:17]} Nd8 {[%emt 0:06:01]} 24. Na6 {[%emt 0:06:45]} Bb6 {[%emt 0:00:45]} 25. a4 {[%emt 0:06:05]} Rf8 {[%emt 0:02:02]} 26. Qd2 {[%emt 0:06:15]} Ne6 {[%emt 0:04:32]} 27. a5 {[%emt 0:02:48]} Bd8 {[%emt 0:01:57]} 28. Qc2 {[%emt 0:07:32]} Bd7 {[%emt 0:04:40]} 29. Bxg6 {[%emt 0:01:37]} Ng5 {[%emt 0:03:32]} 30. Bd3 {[%emt 0:00:32]} Bxa5 {[%emt 0:00:03]} 31. Qc5 {[%emt 0:02:30]} Qf6 {[%emt 0:01:00]} 32. Rb2 {[%emt 0:00:57]} Bb6 {[%emt 0:00:37]} 33. Qc2 {[%emt 0:00:09]} Rae8 {[%emt 0:00:27]} 34. Nc5 {[%emt 0:00:38]} Bc8 {[%emt 0:01:02]} 35. Na4 {[%emt 0:00:23]} Bd7 {[%emt 0:03:58]} 36. Nxb6 {[%emt 0:00:12]} axb6 {[%emt 0:00:08]} 37. Rxb6 {[%emt 0:00:34]} Re7 {[%emt 0:00:43]} 38. Rb7 {[%emt 0:01:21]} Ref7 {[%emt 0:00:47]} 39. Ng3 {[%emt 0:00:54]} Qe6 {[%emt 0:01:05]} 40. Re1 {[%emt 0:01:00]} Kh8 {[%emt 0:00:53]} 41. Rb2 {[%emt 0:31:13]} Qg4 {[%emt 0:30:54]} 42. Qe2 {[%emt 0:02:22]} Qe6 {[%emt 0:00:52]} 43. Nh5 {[%emt 0:02:12]} Ne4 {[%emt 0:01:02]} 44. Bxe4 {[%emt 0:01:01]} Qxe4 {[%emt 0:00:17]} 45. Ng3 {[%emt 0:00:00]} Qe7 {[%emt 0:00:00]} 46. e4 {[%emt 0:00:00]} Qh4 {[%emt 0:00:00]} 47. Rd2 {[%emt 0:00:00]} dxe4 {[%emt 0:00:00]} 48. Qxe4 {[%emt 0:00:00]} Re8 {[%emt 0:00:00]} 49. Qb1 {[%emt 0:00:00]} Ref8 {[%emt 0:00:00]} 50. d5 {[%emt 0:00:00]} cxd5 {[%emt 0:00:00]} 51. Rxd5 {[%emt 0:00:00]} Bc6 {[%emt 0:00:00]} 52. Rd2 {[%emt 0:00:00]} Qg5 {[%emt 0:00:00]} 53. Qb2+ {[%emt 0:00:00]} Kg8 {[%emt 0:00:00]} 54. Qc3 {[%emt 0:00:00]} Bb7 {[%emt 0:00:00]} 55. Qe3 {[%emt 0:00:00]} Qg6 {[%emt 0:00:00]} 56. Red1 {[%emt 0:00:03]} Qc6 {[%emt 0:00:34]} 57. Rd5 {[%emt 0:03:02]} Kh8 {[%emt 0:02:35]} 58. Qd4+ {[%emt 0:01:48]} Rf6 {[%emt 0:03:40]} 1/2-1/2

[Event "FIDE Zonal 2.5 Open 2019"]
[Site "Montevideo"]
[Date "2019.04.19"]
[Round "9.20"]
[White "Gaye, Gustavo"]
[Black "Palacio, Enzo"]
[Result "1-0"]
[WhiteElo "2000"]
[BlackElo "1745"]
[Annotator "NA"]
[PlyCount "167"]
[EventDate "2019.04.13"]
[EventType "swiss"]
[EventCountry "URU"]
[SourceTitle "playchess.com"]
[Source "ChessBase"]
[SourceQuality "1"]
[TimeControl "40/5400+30:1800+30"]

1. g3 {[%emt 0:00:00]} g6 {[%emt 0:00:00]} 2. Bg2 {[%emt 0:00:05]} Bg7 {[%emt 0:00:00]} 3. c4 {[%emt 0:00:38]} d6 {[%emt 0:00:41]} 4. Nc3 {[%emt 0:00:41]} Nf6 {[%emt 0:00:11]} 5. d3 {[%emt 0:01:20]} O-O {[%emt 0:00:25]} 6. e3 {[%emt 0:00:33]} c6 {[%emt 0:00:54]} 7. Nge2 {[%emt 0:00:17]} e5 {[%emt 0:02:21]} 8. O-O {[%emt 0:02:17]} Be6 {[%emt 0:00:46]} 9. Rb1 {[%emt 0:11:07]} a5 {[%emt 0:04:11]} 10. b3 {[%emt 0:00:48]} Qd7 {[%emt 0:00:34]} 11. Na4 {[%emt 0:05:45]} Ra6 {[%emt 0:01:49]} 12. Bb2 {[%emt 0:01:17]} Bh3 {[%emt 0:01:04]} 13. d4 {[%emt 0:03:35]} Bxg2 {[%emt 0:00:25]} 14. Kxg2 {[%emt 0:00:05]} e4 {[%emt 0:04:01]} 15. Nac3 {[%emt 0:06:16]} d5 {[%emt 0:03:53]} 16. Ba3 {[%emt 0:03:26]} Re8 {[%emt 0:00:18]} 17. Na4 {[%emt 0:01:12]} Qg4 {[%emt 0:07:45]} 18. Nec3 {[%emt 0:02:37]} Qxd1 {[%emt 0:01:19]} 19. Rfxd1 {[%emt 0:00:02]} Nbd7 {[%emt 0:00:17]} 20. Rdc1 {[%emt 0:01:03]} Bf8 {[%emt 0:03:02]} 21. Bxf8 {[%emt 0:01:01]} Kxf8 {[%emt 0:00:03]} 22. cxd5 {[%emt 0:00:15]} cxd5 {[%emt 0:02:26]} 23. Nb5 {[%emt 0:02:21]} Rc6 {[%emt 0:00:27]} 24. Rxc6 {[%emt 0:01:16]} bxc6 {[%emt 0:00:03]} 25. Na7 {[%emt 0:00:38]} Nb8 {[%emt 0:00:27]} 26. Rc1 {[%emt 0:01:05]} Nfd7 {[%emt 0:00:44]} 27. Rc3 {[%emt 0:03:16]} Re6 {[%emt 0:00:40]} 28. Nc5 {[%emt 0:02:09]} Nxc5 {[%emt 0:01:23]} 29. Rxc5 {[%emt 0:00:10]} a4 {[%emt 0:00:41]} 30. bxa4 {[%emt 0:07:20]} Ke8 {[%emt 0:00:09]} 31. Nb5 {[%emt 0:07:03]} cxb5 {[%emt 0:02:44]} 32. Rc8+ {[%emt 0:02:08]} Kd7 {[%emt 0:00:02]} 33. Rxb8 {[%emt 0:00:13]} bxa4 {[%emt 0:00:09]} 34. Ra8 {[%emt 0:00:08]} Rb6 {[%emt 0:01:08]} 35. Rxa4 {[%emt 0:00:23]} Rb2 {[%emt 0:00:33]} 36. Ra5 {[%emt 0:00:21]} Ke6 {[%emt 0:00:24]} 37. a4 {[%emt 0:03:28]} Ra2 {[%emt 0:00:05]} 38. Ra7 {[%emt 0:00:25]} f5 {[%emt 0:03:03]} 39. h4 {[%emt 0:03:18]} h6 {[%emt 0:01:01]} 40. Ra6+ {[%emt 0:06:07]} Kf7 {[%emt 0:00:03]} 41. Rd6 {[%emt 0:32:41]} Rxa4 {[%emt 0:30:11]} 42. Rxd5 {[%emt 0:00:02]} h5 {[%emt 0:02:12]} 43. Rd6 {[%emt 0:03:03]} Ra1 {[%emt 0:00:23]} 44. Rc6 {[%emt 0:01:14]} Rd1 {[%emt 0:00:19]} 45. Rc2 {[%emt 0:01:56]} Ke6 {[%emt 0:03:01]} 46. f3 {[%emt 0:08:31]} exf3+ {[%emt 0:00:35]} 47. Kxf3 {[%emt 0:00:07]} Rf1+ {[%emt 0:00:19]} 48. Rf2 {[%emt 0:00:23]} Rg1 {[%emt 0:01:57]} 49. Kf4 {[%emt 0:01:52]} Kf6 {[%emt 0:00:17]} 50. e4 {[%emt 0:06:56]} fxe4 {[%emt 0:00:24]} 51. Kxe4+ {[%emt 0:00:28]} Ke6 {[%emt 0:00:31]} 52. d5+ {[%emt 0:01:33]} Ke7 {[%emt 0:00:02]} 53. Rf3 {[%emt 0:00:00]} Re1+ {[%emt 0:00:00]} 54. Kd4 {[%emt 0:00:00]} Rd1+ {[%emt 0:00:00]} 55. Rd3 {[%emt 0:00:00]} Ra1 {[%emt 0:00:00]} 56. Re3+ {[%emt 0:00:00]} Kd7 {[%emt 0:00:00]} 57. Ke5 {[%emt 0:00:00]} Ra4 {[%emt 0:00:00]} 58. Re4 {[%emt 0:00:00]} Ra3 {[%emt 0:00:00]} 59. Kf4 {[%emt 0:00:00]} Rd3 {[%emt 0:00:00]} 60. Re5 {[%emt 0:00:00]} Rd4+ {[%emt 0:00:00]} 61. Ke3 {[%emt 0:00:00]} Ra4 {[%emt 0:00:00]} 62. Re6 {[%emt 0:00:00]} Rg4 {[%emt 0:00:00]} 63. Kf3 {[%emt 0:00:00]} g5 {[%emt 0:00:00]} 64. Re4 {[%emt 0:00:00]} gxh4 {[%emt 0:00:00]} 65. gxh4 {[%emt 0:00:00]} Rg6 {[%emt 0:00:00]} 66. Re5 {[%emt 0:00:00]} Rh6 {[%emt 0:00:00]} 67. Ke4 {[%emt 0:00:00]} Kd6 {[%emt 0:00:00]} 68. Rg5 {[%emt 0:00:25]} Ke7 {[%emt 0:00:00]} 69. Ke5 {[%emt 0:00:38]} Rh7 {[%emt 0:00:00]} 70. Kf5 {[%emt 0:01:21]} Rh6 {[%emt 0:00:00]} 71. Rg7+ {[%emt 0:01:31]} Ke8 {[%emt 0:00:00]} 72. Rg6 {[%emt 0:00:17]} Rh7 {[%emt 0:00:00]} 73. Kg5 {[%emt 0:01:12]} Re7 {[%emt 0:00:00]} 74. Kxh5 {[%emt 0:00:16]} Rd7 {[%emt 0:00:00]} 75. d6 {[%emt 0:00:24]} Kf7 {[%emt 0:00:00]} 76. Kh6 {[%emt 0:01:41]} Rd8 {[%emt 0:00:00]} 77. Kg5 {[%emt 0:01:44]} Ra8 {[%emt 0:00:00]} 78. Rf6+ {[%emt 0:00:50]} Kg7 {[%emt 0:00:00]} 79. d7 {[%emt 0:01:24]} Kh7 {[%emt 0:00:00]} 80. Rd6 {[%emt 0:01:01]} Rd8 {[%emt 0:00:00]} 81. Kf6 {[%emt 0:00:13]} Rf8+ {[%emt 0:01:24]} 82. Ke7 {[%emt 0:00:12]} Kg7 {[%emt 0:00:06]} 83. Rg6+ {[%emt 0:00:16]} Kxg6 {[%emt 0:00:36]} 84. Kxf8 {[%emt 0:00:08]} 1-0

[Event "FIDE Zonal 2.5 Open 2019"]
[Site "Montevideo"]
[Date "2019.04.19"]
[Round "9.21"]
[White "Curia, Santiago Jose"]
[Black "Reolon, Victor"]
[Result "1/2-1/2"]
[WhiteElo "1989"]
[BlackElo "1659"]
[Annotator "NA"]
[PlyCount "23"]
[EventDate "2019.04.13"]
[EventType "swiss"]
[EventCountry "URU"]
[SourceTitle "playchess.com"]
[Source "ChessBase"]
[SourceQuality "1"]
[TimeControl "40/5400+30:1800+30"]

1. e4 {[%emt 0:00:00]} d5 {[%emt 0:00:28]} 2. exd5 {[%emt 0:00:13]} Qxd5 {[%emt 0:00:11]} 3. Nc3 {[%emt 0:00:09]} Qa5 {[%emt 0:00:50]} 4. d4 {[%emt 0:00:14]} Nf6 {[%emt 0:00:10]} 5. Bd2 {[%emt 0:01:15]} c6 {[%emt 0:00:09]} 6. Bc4 {[%emt 0:00:25]} Bg4 {[%emt 0:02:58]} 7. Nf3 {[%emt 0:01:58]} e6 {[%emt 0:00:31]} 8. h3 {[%emt 0:00:28]} Bh5 {[%emt 0:00:08]} 9. O-O {[%emt 0:00:14]} Qc7 {[%emt 0:09:08]} 10. Re1 {[%emt 0:00:31]} Be7 {[%emt 0:08:51]} 11. Qe2 {[%emt 0:00:55]} Nd5 {[%emt 0:02:10]} 12. Qe5 {[%emt 0:02:50]} 1/2-1/2

[Event "FIDE Zonal 2.5 Open 2019"]
[Site "Montevideo"]
[Date "2019.04.19"]
[Round "9.22"]
[White "Lanzilotta, Marcelo"]
[Black "Barreto Filho, Carlos Alberto"]
[Result "1-0"]
[WhiteElo "1972"]
[BlackElo "2293"]
[Annotator "NA"]
[PlyCount "35"]
[EventDate "2019.04.13"]
[EventType "swiss"]
[EventCountry "URU"]
[SourceTitle "playchess.com"]
[Source "ChessBase"]
[SourceQuality "1"]
[TimeControl "40/5400+30:1800+30"]

1. e4 {[%emt 0:10:13]} e6 {[%emt 0:00:16]} 2. d4 {[%emt 0:02:12]} d5 {[%emt 0:00:09]} 3. e5 {[%emt 0:00:04]} c5 {[%emt 0:00:08]} 4. c3 {[%emt 0:00:04]} Qb6 {[%emt 0:00:09]} 5. Nf3 {[%emt 0:00:07]} Nc6 {[%emt 0:00:08]} 6. Bd3 {[%emt 0:00:08]} Bd7 {[%emt 0:00:37]} 7. O-O {[%emt 0:00:03]} cxd4 {[%emt 0:00:42]} 8. cxd4 {[%emt 0:00:01]} Nxd4 {[%emt 0:00:23]} 9. Nxd4 {[%emt 0:00:01]} Qxd4 {[%emt 0:00:10]} 10. Nc3 {[%emt 0:00:02]} Qb6 {[%emt 0:00:47]} 11. Qe2 {[%emt 0:03:38]} Ne7 {[%emt 0:02:22]} 12. Kh1 {[%emt 0:04:25]} Ng6 {[%emt 0:01:43]} 13. f4 {[%emt 0:00:51]} Bb4 {[%emt 0:00:14]} 14. f5 {[%emt 0:07:56]} Bxc3 {[%emt 0:07:26]} 15. fxg6 {[%emt 0:00:53]} fxg6 {[%emt 0:01:30]} 16. bxc3 {[%emt 0:00:15]} Rf8 {[%emt 0:00:14]} 17. Rxf8+ {[%emt 0:03:00]} Kxf8 {[%emt 0:00:09]} 18. Ba3+ {[%emt 0:00:03]} 1-0

[Event "FIDE Zonal 2.5 Open 2019"]
[Site "Montevideo"]
[Date "2019.04.19"]
[Round "9.23"]
[White "Zaruski, Julio"]
[Black "Avedisian, Alexander"]
[Result "1/2-1/2"]
[WhiteElo "1842"]
[BlackElo "1898"]
[Annotator "NA"]
[PlyCount "46"]
[EventDate "2019.04.13"]
[EventType "swiss"]
[EventCountry "URU"]
[SourceTitle "playchess.com"]
[Source "ChessBase"]
[SourceQuality "1"]
[TimeControl "40/5400+30:1800+30"]

1. e4 {[%emt 0:00:00]} c5 {[%emt 0:00:00]} 2. Nc3 {[%emt 0:00:30]} g6 {[%emt 0:00:30]} 3. g3 {[%emt 0:00:30]} Nc6 {[%emt 0:00:30]} 4. Bg2 {[%emt 0:00:30]} Bg7 {[%emt 0:00:30]} 5. d3 {[%emt 0:00:30]} Rb8 {[%emt 0:00:30]} 6. f4 {[%emt 0:00:30]} d6 {[%emt 0:00:30]} 7. Nf3 {[%emt 0:00:30]} e5 {[%emt 0:00:30]} 8. O-O {[%emt 0:00:30]} Nge7 {[%emt 0:00:30]} 9. Rb1 {[%emt 0:00:00]} exf4 {[%emt 0:00:00]} 10. Bxf4 {[%emt 0:00:00]} b5 {[%emt 0:00:00]} 11. Ne2 {[%emt 0:00:00]} O-O {[%emt 0:00:00]} 12. c3 {[%emt 0:00:02]} f5 {[%emt 0:07:41]} 13. Qd2 {[%emt 0:10:59]} Ne5 {[%emt 0:04:58]} 14. b3 {[%emt 0:03:24]} Bb7 {[%emt 0:18:31]} 15. exf5 {[%emt 0:02:02]} Nxf5 {[%emt 0:08:09]} 16. Rbe1 {[%emt 0:07:03]} Qb6 {[%emt 0:03:17]} 17. Nxe5 {[%emt 0:02:07]} dxe5 {[%emt 0:00:36]} 18. Be3 {[%emt 0:03:21]} Bxg2 {[%emt 0:07:41]} 19. Kxg2 {[%emt 0:00:12]} Nxe3+ {[%emt 0:05:13]} 20. Qxe3 {[%emt 0:00:29]} Qc6+ {[%emt 0:00:59]} 21. Qe4 {[%emt 0:02:12]} Qxe4+ {[%emt 0:02:07]} 22. dxe4 {[%emt 0:00:09]} Rxf1 {[%emt 0:01:23]} 23. Rxf1 {[%emt 0:00:25]} Rd8 1/2-1/2

[Event "FIDE Zonal 2.5 Open 2019"]
[Site "Montevideo"]
[Date "2019.04.19"]
[Round "9.24"]
[White "Lanaro, Emilio"]
[Black "Ramirez Dominguez, Agustin"]
[Result "0-1"]
[WhiteElo "1694"]
[BlackElo "1907"]
[Annotator "NA"]
[PlyCount "88"]
[EventDate "2019.04.13"]
[EventType "swiss"]
[EventCountry "URU"]
[SourceTitle "playchess.com"]
[Source "ChessBase"]
[SourceQuality "1"]
[TimeControl "40/5400+30:1800+30"]

1. e4 {[%emt 0:00:00]} e6 {[%emt 0:00:00]} 2. d4 {[%emt 0:00:00]} d5 {[%emt 0:00:00]} 3. e5 {[%emt 0:00:00]} c5 {[%emt 0:00:00]} 4. c3 {[%emt 0:00:00]} Qb6 {[%emt 0:00:02]} 5. Nf3 {[%emt 0:00:00]} Nc6 {[%emt 0:00:38]} 6. a3 {[%emt 0:00:04]} c4 {[%emt 0:00:20]} 7. Nbd2 {[%emt 0:00:10]} Na5 {[%emt 0:00:26]} 8. Rb1 {[%emt 0:01:16]} Bd7 {[%emt 0:00:55]} 9. g3 {[%emt 0:01:59]} Be7 {[%emt 0:02:35]} 10. Bg2 {[%emt 0:00:18]} O-O-O {[%emt 0:01:57]} 11. O-O {[%emt 0:00:09]} Rf8 {[%emt 0:01:34]} 12. b3 {[%emt 0:10:30]} cxb3 {[%emt 0:00:56]} 13. Nxb3 {[%emt 0:01:01]} Ba4 {[%emt 0:00:46]} 14. Nfd2 {[%emt 0:00:23]} Nc4 {[%emt 0:03:49]} 15. Qe2 {[%emt 0:10:43]} Bb5 {[%emt 0:04:08]} 16. Qd1 {[%emt 0:14:17]} Nxa3 {[%emt 0:06:06]} 17. Bxa3 {[%emt 0:01:13]} Bxa3 {[%emt 0:01:27]} 18. Re1 {[%emt 0:02:36]} Nh6 {[%emt 0:03:52]} 19. Qc2 {[%emt 0:06:21]} Kb8 {[%emt 0:05:50]} 20. Nc5 {[%emt 0:06:39]} Bxc5 {[%emt 0:03:13]} 21. Bf1 {[%emt 0:00:29]} Qc7 {[%emt 0:00:59]} 22. Bxb5 {[%emt 0:03:37]} Bxd4 {[%emt 0:01:21]} 23. Nf3 {[%emt 0:04:33]} Bb6 {[%emt 0:01:51]} 24. Rec1 {[%emt 0:01:54]} Ng4 {[%emt 0:04:53]} 25. Qa4 {[%emt 0:07:28]} Nxf2 {[%emt 0:02:51]} 26. Nd4 {[%emt 0:00:19]} Ne4 {[%emt 0:01:17]} 27. Kg2 {[%emt 0:05:10]} Nc5 {[%emt 0:03:44]} 28. Qa3 {[%emt 0:01:47]} Qxe5 {[%emt 0:03:12]} 29. Nc6+ {[%emt 0:04:58]} bxc6 {[%emt 0:01:13]} 30. Bxc6 {[%emt 0:00:17]} Qe2+ {[%emt 0:01:36]} 31. Kh3 {[%emt 0:01:03]} Kc7 {[%emt 0:01:21]} 32. Bb5 {[%emt 0:03:48]} Qf3 {[%emt 0:02:06]} 33. Bf1 {[%emt 0:04:22]} f5 {[%emt 0:01:48]} 34. Rxb6 {[%emt 0:00:40]} axb6 {[%emt 0:00:39]} 35. Qa7+ {[%emt 0:00:38]} Kc6 {[%emt 0:00:18]} 36. Bb5+ {[%emt 0:00:43]} Kxb5 {[%emt 0:02:25]} 37. Rb1+ {[%emt 0:00:09]} Kc4 {[%emt 0:00:08]} 38. Rb4+ {[%emt 0:08:24]} Kd3 {[%emt 0:02:15]} 39. Rd4+ {[%emt 0:00:47]} Ke3 40. Qxg7 {[%emt 0:00:23]} Rhg8 {[%emt 0:02:47]} 41. Qe5+ {[%emt 0:06:48]} Ne4 {[%emt 0:00:00]} 42. Ra4 {[%emt 0:01:34]} Qf1+ {[%emt 0:00:03]} 43. Kh4 {[%emt 0:00:11]} Rg4+ {[%emt 0:00:06]} 44. Kh5 {[%emt 0:00:16]} Qh3# {[%emt 0:00:04] Qd4+ Kxd4#} 0-1